| 000 | 00360nam a22001337a 4500 | ||
|---|---|---|---|
| 999 |
_c15444 _d15444 |
||
| 020 | _a9783319249025 | ||
| 082 |
_a664.0282 _bHOL/TH |
||
| 100 |
_aHoldsworth , s donald . _93149 |
||
| 245 | _aThermal processing of packaged foods / | ||
| 250 | _a3rd ed. | ||
| 260 |
_aSwitzerland ; _bSpinger International publishing , _c2016 . |
||
| 300 | _a466 ; . | ||
| 942 | _cBK | ||